000 00523nam a2200181Ia 4500
003 IN-BaIIA
008 211028s9999 xx 000 0 eng d
020 _a0-85934-0449
040 _cIIA Library
080 _a621.389.04
_bMIC
100 _aMichaels Adrian
_914088
245 0 _aDigital IC Equivalents and Pin Connections
_cAdrian Michaels
260 _aLondon
_bBabani Press
_c1977
300 _a316p.
650 _aCircuits
_91974
650 _aNASA Thesaurus
942 _cBK
999 _c8403
_d8403